An Introduction to formal languages and automaton (Record no. 2640)

000 -LEADER
fixed length control field 00415nam a22001457a 4500
008 - FIXED-LENGTH DATA ELEMENTS--GENERAL INFORMATION
fixed length control field 200312b ||||| |||| 00| 0 eng d
020 ## - INTERNATIONAL STANDARD BOOK NUMBER
International Standard Book Number 9788173197819
100 ## - MAIN ENTRY--PERSONAL NAME
9 (RLIN) 2232
Personal name Linz, Peter
245 10 - TITLE STATEMENT
Title An Introduction to formal languages and automaton
250 ## - EDITION STATEMENT
Edition statement 4th ed.
260 ## - PUBLICATION, DISTRIBUTION, ETC. (IMPRINT)
Place of publication, distribution, etc New Delhi:
Name of publisher, distributor, etc Narosha Publishing House,
Date of publication, distribution, etc 2009.
300 ## - PHYSICAL DESCRIPTION
Extent xiii,415p.
650 #0 - SUBJECT ADDED ENTRY--TOPICAL TERM
Topical term or geographic name as entry element Computer Science
942 ## - ADDED ENTRY ELEMENTS (KOHA)
Item type Books
Holdings
Withdrawn status Lost status Source of classification or shelving scheme Damaged status Not for loan Permanent location Current location Date acquired Source of acquisition Full call number Barcode Date last seen Cost, replacement price Koha item type
          IMU Kolkata IMU Kolkata 2010-03-12 Jyoti, the Book People 005.131 L762 10921 2020-03-12 295.00 Books
Designed and Maintained by IMU-KC Library, Kolkata Campus © Copyright All Rights Reserved

webs counters

Powered by Koha